[Event "Moscow Open A 2016"]
[Site "Moscow RUS"]
[Date "2016.01.31"]
[Round "2.42"]
[White "Tekeyev, Zaur"]
[Black "Korchmar, Vasiliy"]
[Result "0-1"]
[WhiteTitle "FM"]
[BlackTitle "IM"]
[WhiteElo "2347"]
[BlackElo "2405"]
[WhiteFideId "4199731"]
[BlackFideId "24131750"]
[EventDate "2016.01.30"]

1. e4 e5 2. Nf3 Nc6 3. Bc4 Bc5 4. O-O Nf6 5. d3 d6 6. c3 a6 7. Bb3 h6 8. Re1 O-O
9. h3 Be6 10. Bxe6 fxe6 11. d4 exd4 12. cxd4 Bb6 13. Nc3 Nh5 14. Be3 Nf4 15. d5
Ne5 16. Nxe5 dxe5 17. Bxb6 cxb6 18. dxe6 Qf6 19. Nd5 Nxh3+ 20. gxh3 Qxf2+ 21.
Kh1 Rf3 22. Re3 Rxe3 23. Nxe3 Qxe3 24. Qg4 h5 25. Qg2 Re8 26. Rg1 Qh6 27. Qg6
Rxe6 28. Qxh6 Rxh6 29. Rg5 Rd6 30. Rxe5 Rd1+ 31. Kg2 Rd2+ 32. Kf3 Rxb2 33. Re7
Rxa2 34. Rxb7 b5 35. Kf4 Rf2+ 36. Kg5 Rf7 37. Rb8+ Rf8 38. Rb7 Rf7 39. Rb8+ Kh7
40. Rb6 Rf6 41. Rb7 h4 42. e5 Rf3 43. Kxh4 Re3 44. Rb6 Re4+ 45. Kg3 Rxe5 46.
Rxa6 Rg5+ 47. Kf4 Rg6 48. Ra3 b4 49. Rb3 Rb6 50. Ke5 Kh6 51. Kd5 Kh5 52. Ke5 g5
53. Kf5 Kh4 54. Ke5 Rb8 55. Ke6 Rf8 56. Ke5 Rf2 57. Ke4 Rh2 58. Kf5 Rxh3 59.
Rxb4+ Kh5 60. Rb8 Rf3+ 61. Ke4 Rf1 62. Ke3 Kh4 63. Ke2 Rf5 64. Rh8+ Kg3 65. Rh5
Rf2+ 66. Ke1 g4 67. Rh8 Kg2 68. Rg8 g3 69. Rg7 Rf6 70. Rg8 Rf2 71. Rg7 Rf6 72.
Rg8 Re6+ 73. Kd2 Kf2 74. Rf8+ Kg1 75. Kd3 g2 76. Rh8 Re5 77. Kd4 Rf5 78. Ra8 Kh2
79. Rh8+ Kg3 80. Rg8+ Kf2 0-1

[Event "Moscow Open A 2016"]
[Site "Moscow RUS"]
[Date "2016.01.31"]
[Round "2.43"]
[White "Oganian, Miran"]
[Black "Aslanov, Farid"]
[Result "1/2-1/2"]
[WhiteTitle "IM"]
[BlackTitle "CM"]
[WhiteElo "2405"]
[BlackElo "2089"]
[WhiteFideId "4122488"]
[BlackFideId "13408925"]
[EventDate "2016.01.30"]

1. d4 Nf6 2. g3 d5 3. Bg2 Bf5 4. Nf3 e6 5. O-O h6 6. c4 c6 7. Nc3 Nbd7 8. cxd5
exd5 9. Re1 Be7 10. Nh4 Bh7 11. e4 dxe4 12. Nxe4 O-O 13. Nc3 Nd5 14. Nf3 N7f6
15. Ne5 Bd6 16. Bd2 Re8 17. a3 Qc7 18. Qb3 Qb6 19. Qxb6 Nxb6 20. b4 a6 21. Bf1
Nfd5 22. f4 Rad8 23. Nxd5 Nxd5 24. Bh3 Bxe5 25. dxe5 Ne7 26. Be3 Bf5 27. Bg2 Be6
28. Bb6 Rd2 29. Red1 Rxd1+ 30. Rxd1 Nd5 31. Bc5 g6 32. Kf2 Ra8 33. Rd4 Nc7 34.
a4 Bd5 35. Bxd5 Nxd5 36. g4 Nc3 37. Rd7 a5 38. Rxb7 axb4 39. Bxb4 Nd5 40. f5
gxf5 41. gxf5 Rxa4 42. Bd2 Re4 43. Rb8+ Kg7 44. Bc1 Rc4 45. f6+ Kg6 46. Bb2 Kf5
47. Rb3 Rb4 48. Rf3+ Rf4 49. Bc1 Rxf3+ 50. Kxf3 h5 51. Kg3 Kxe5 52. Kh4 Nxf6 53.
Kg5 Ng4 54. h4 c5 55. Bb2+ Ke4 56. Kxh5 Kf5 57. Ba1 c4 58. Bb2 Nf2 59. Kh6 Nd3
60. Bc3 Kg4 61. h5 f5 62. Kg6 Nf4+ 63. Kf6 Nxh5+ 64. Ke5 f4 65. Kd4 f3 66. Be1
Kf4 67. Bf2 Nf6 68. Kxc4 Ng4 69. Bg1 Kg3 70. Bd4 1/2-1/2

[Event "Moscow Open A 2016"]
[Site "Moscow RUS"]
[Date "2016.01.31"]
[Round "2.44"]
[White "Mammadzada, Gunay"]
[Black "Savitskiy, Sergey"]
[Result "0-1"]
[WhiteTitle "WGM"]
[BlackTitle "FM"]
[WhiteElo "2341"]
[BlackElo "2405"]
[WhiteFideId "13403729"]
[BlackFideId "24105660"]
[EventDate "2016.01.30"]

1. e4 c5 2. Nf3 Nc6 3. d4 cxd4 4. Nxd4 Qb6 5. Nb3 Nf6 6. Nc3 e6 7. Qe2 d6 8. Be3
Qc7 9. g4 a6 10. O-O-O Be7 11. f4 b5 12. a3 Nd7 13. Bg2 Bb7 14. Rhe1 O-O 15. g5
Rfe8 16. Kb1 Rab8 17. Qf2 Ba8 18. f5 Nde5 19. Bh3 Bf8 20. Ne2 exf5 21. exf5 Nf3
22. Rf1 Nce5 23. Nf4 Nxg5 24. Bd4 Nxh3 25. Nxh3 Nf3 26. Bc3 Rbc8 27. Nf4 Ng5 28.
Nd2 a5 29. Qd4 Ne4 30. Nxe4 Rxe4 31. Qg1 Kh8 32. Rd2 b4 33. axb4 axb4 34. Bd4 b3
35. cxb3 Ree8 36. Bc3 Be4+ 37. Nd3 Qb7 38. b4 Qa6 39. Qg3 f6 40. Qh3 d5 41. Rdd1
Rc4 42. Rf4 Ra8 43. Rh4 Bxd3+ 0-1

[Event "Moscow Open A 2016"]
[Site "Moscow RUS"]
[Date "2016.01.31"]
[Round "2.45"]
[White "Naumkin, Igor"]
[Black "Suleymanli, Aydin"]
[Result "1/2-1/2"]
[WhiteTitle "GM"]
[BlackTitle "CM"]
[WhiteElo "2403"]
[BlackElo "1930"]
[WhiteFideId "4101715"]
[BlackFideId "13413937"]
[EventDate "2016.01.30"]

1. d4 e6 2. c4 Nf6 3. Nf3 b6 4. g3 Bb7 5. Bg2 Bb4+ 6. Bd2 Be7 7. Nc3 O-O 8. O-O
d6 9. Qc2 Nbd7 10. e4 e5 11. Rad1 c6 12. h3 Qc7 13. Rfe1 Rfe8 14. Be3 Rad8 15.
a3 Bf8 16. b4 g6 17. Qb3 c5 18. d5 Rc8 19. Nd2 Bg7 20. Kh2 Rf8 21. f4 Ne8 22. f5
Qd8 23. Rf1 g5 24. Bf3 h6 25. Rf2 Nef6 26. Nb5 Nb8 27. Nxa7 Rc7 28. Nb5 Re7 29.
Kg1 Ba6 30. Nc3 Nbd7 31. Rc1 Nh7 32. Rh2 Bf6 33. Be2 Kg7 34. Nf1 Rh8 35. g4 Ree8
36. Ng3 Be7 37. Nh5+ Kf8 38. h4 Rg8 39. Qc2 Ndf6 40. Nxf6 Bxf6 41. Qd2 gxh4 42.
Bxh6+ Ke7 43. Be3 Kf8 44. Nd1 Bg5 45. Bxg5 Qxg5 46. Qxg5 Nxg5 47. Rxh4 Nxe4 48.
Kg2 Bc8 49. Kf3 Nd2+ 50. Ke3 Nb3 51. Rb1 Nd4 52. bxc5 bxc5 53. Rb6 Bxf5 54. Rxd6
Bxg4 55. Bxg4 Rxg4 1/2-1/2

[Event "Moscow Open A 2016"]
[Site "Moscow RUS"]
[Date "2016.01.31"]
[Round "2.46"]
[White "Bajarani, Ulvi"]
[Black "Yandarbiev, Ruslan"]
[Result "1-0"]
[WhiteTitle "GM"]
[BlackTitle "IM"]
[WhiteElo "2540"]
[BlackElo "2368"]
[WhiteFideId "13403028"]
[BlackFideId "4115023"]
[EventDate "2016.01.30"]

1. e4 c5 2. Nf3 d6 3. d4 Nf6 4. Nc3 cxd4 5. Nxd4 a6 6. Be3 e5 7. Nb3 Be6 8. f3
Nbd7 9. Qd2 h5 10. Nd5 Bxd5 11. exd5 Qc7 12. Be2 g6 13. c4 Bg7 14. O-O O-O 15.
Na5 b6 16. Nc6 Nb8 17. Nb4 Kh7 18. Kh1 Ng8 19. g4 Nf6 20. Qe1 Rh8 21. Qf2 Nbd7
22. Nc6 Rae8 23. Rae1 e4 24. gxh5 Nxh5 25. fxe4 Nhf6 26. Bd3 Nc5 27. Bxc5 bxc5
28. Qg2 Kg8 29. e5 dxe5 30. Bxg6 e4 31. Bf5 Kf8 32. Rg1 Bh6 33. Ref1 e3 34. Bd3
Qd6 35. Rf5 e2 36. Bxe2 Rg8 37. Rxf6 Rxg2 38. Rxd6 1-0

[Event "Moscow Open A 2016"]
[Site "Moscow RUS"]
[Date "2016.01.31"]
[Round "2.47"]
[White "Schekachikhin, Maksim"]
[Black "Kornev, Alexei"]
[Result "1/2-1/2"]
[WhiteTitle "FM"]
[BlackTitle "GM"]
[WhiteElo "2285"]
[BlackElo "2517"]
[WhiteFideId "24177830"]
[BlackFideId "4120949"]
[EventDate "2016.01.30"]

1. d4 d5 2. c4 c6 3. Nc3 Nf6 4. e3 a6 5. Qc2 g6 6. Nf3 Bg7 7. Bd3 Bg4 8. Ne5 Be6
9. c5 Nfd7 10. Nxd7 Nxd7 11. O-O Qc7 12. Bd2 O-O 13. f4 Rae8 14. b4 f6 15. a4
Bf7 16. f5 gxf5 17. Bxf5 h6 18. Rf3 e6 19. Bg6 f5 20. Bxf7+ Rxf7 21. Raf1 Ref8
22. Ne2 Nf6 23. Be1 Ne4 24. Nf4 Re8 25. Nh5 Qe7 26. Bg3 Qg5 27. Nxg7 Rxg7 28.
Bf4 Qg6 29. Be5 Rf7 30. Kh1 Kh7 31. Rf4 Rg8 32. Qe2 Qg5 33. R4f3 Qg4 34. Qc2 Rg6
35. Rh3 Rf8 36. Rf4 Kg8 37. Rhf3 Qg5 38. Rh3 Kf7 39. Rhf3 Rfg8 40. g3 Qh5 41.
Kg2 Qg5 42. Qb2 Qe7 43. Qa2 Qd7 44. Rxe4 dxe4 45. Rxf5+ Ke8 46. Rf4 Rf8 47. Rxe4
Qd5 48. Qxd5 exd5 49. Rf4 Rf7 50. Kf3 Ke7 51. Bd6+ Ke6 52. Be5 Rg8 53. a5 h5 54.
Bd6 Rf5 55. Be5 Re8 56. Bd6 Kf6 57. Be5+ Kg6 58. Kf2 Kg5 59. Kf3 Kg6 60. Kf2 Re7
61. Kf3 1/2-1/2

[Event "Moscow Open A 2016"]
[Site "Moscow RUS"]
[Date "2016.01.31"]
[Round "2.48"]
[White "Yuffa, Daniil"]
[Black "Smirnov, Timofey"]
[Result "1-0"]
[WhiteTitle "IM"]
[WhiteElo "2516"]
[BlackElo "2288"]
[WhiteFideId "24131423"]
[BlackFideId "24176427"]
[EventDate "2016.01.30"]

1. g3 Nf6 2. Bg2 e6 3. c4 d5 4. Nf3 c6 5. O-O Be7 6. d4 O-O 7. Nc3 Nbd7 8. Nd2
b6 9. e4 dxc4 10. Nxc4 Ba6 11. b3 Rc8 12. Re1 b5 13. Ne3 Bb4 14. Bd2 c5 15. d5
exd5 16. Ncxd5 Bxd2 17. Qxd2 Re8 18. Rad1 Ne5 19. f4 Nc6 20. Nxf6+ Qxf6 21. e5
Qe6 22. Qf2 Nd4 23. b4 Qe7 24. Nd5 Qf8 25. bxc5 Ne6 26. c6 b4 27. f5 Nc5 28.
Nxb4 Bb5 29. Rc1 Na4 30. Nd5 Kh8 31. c7 a6 32. f6 g6 33. Ne7 Rxe7 34. fxe7 Qxe7
35. Qf6+ Qxf6 36. exf6 1-0

[Event "Moscow Open A 2016"]
[Site "Moscow RUS"]
[Date "2016.01.31"]
[Round "2.49"]
[White "Potapov, Pavel"]
[Black "Zhadanov, Vasili B."]
[Result "1-0"]
[WhiteTitle "IM"]
[BlackTitle "FM"]
[WhiteElo "2492"]
[BlackElo "2306"]
[WhiteFideId "4169786"]
[BlackFideId "4144473"]
[EventDate "2016.01.30"]

1. e4 c6 2. d4 d5 3. e5 Bf5 4. h4 h5 5. c4 e6 6. Nc3 Bb4 7. Qb3 Qb6 8. c5 Qa5 9.
a3 Bxc3+ 10. bxc3 Nd7 11. Nf3 Ne7 12. Be2 b6 13. cxb6 axb6 14. O-O b5 15. Bg5
Nb6 16. Nd2 Nec8 17. Rfc1 Nc4 18. Nxc4 dxc4 19. Qd1 Bg6 20. Bf3 Kd7 21. d5 cxd5
22. Bxd5 exd5 23. Qxd5+ Ke8 24. Rd1 Ne7 25. Qd7+ Kf8 26. Bxe7+ Kg8 27. Bb4 Qa6
28. Rd6 Qc8 29. Qxb5 Be4 30. e6 fxe6 31. Re1 Bd5 32. Rxd5 exd5 33. Qxd5+ Kh7 34.
Qxh5+ Kg8 35. Qd5+ Kh7 36. Re5 Re8 37. Rh5+ Kg6 38. Rg5+ Kf6 39. Qd4+ Ke6 40.
Qe5+ 1-0

[Event "Moscow Open A 2016"]
[Site "Moscow RUS"]
[Date "2016.01.31"]
[Round "2.50"]
[White "Gurvich, Vitaly"]
[Black "Lugovskoy, Maxim"]
[Result "1/2-1/2"]
[WhiteTitle "FM"]
[BlackTitle "IM"]
[WhiteElo "2308"]
[BlackElo "2489"]
[WhiteFideId "24164852"]
[BlackFideId "24126454"]
[EventDate "2016.01.30"]

1. d4 d5 2. c4 e6 3. Nc3 a6 4. cxd5 exd5 5. Bf4 Nf6 6. e3 Bd6 7. Bg3 c6 8. Bd3
O-O 9. Nge2 Re8 10. Qc2 Bxg3 11. hxg3 g6 12. O-O Nbd7 13. Rae1 Nf8 14. Nf4 Ne6
15. f3 Ng7 16. Qf2 b5 17. g4 a5 18. a4 b4 19. Nb1 Bd7 20. Nd2 c5 21. dxc5 Bxa4
22. e4 Bc6 23. g5 Nfh5 24. Nxd5 Bxd5 25. exd5 Nf4 26. Rxe8+ Nxe8 27. Be4 Qxg5
28. Kh1 Nxd5 29. Nc4 Nef6 30. Nb6 Nxb6 31. cxb6 Rb8 32. Bc6 Nh5 33. g4 Nf4 34.
b7 a4 35. Be4 Rd8 36. Ra1 Kg7 37. Qg3 h5 38. Re1 a3 39. bxa3 bxa3 40. Qh2 hxg4
41. fxg4 Qe5 42. Qc2 Rh8+ 43. Kg1 Qd4+ 44. Kf1 Ne6 45. Qf2 Qc4+ 46. Kg1 Ng5 47.
Bg2 Qxg4 48. Kf1 Ne6 49. Qe3 Qf5+ 50. Kg1 Qa5 51. Qe5+ Qxe5 52. Rxe5 Rd8 53. Ra5
Rd1+ 54. Kh2 Rb1 55. Rxa3 Nc5 56. Ra8 Rxb7 57. Bxb7 Nxb7 58. Kg3 Nc5 59. Ra3 Kf6
60. Kg4 Ne6 61. Ra6 g5 62. Ra5 Kg6 63. Re5 Kf6 64. Ra5 1/2-1/2

[Event "Moscow Open A 2016"]
[Site "Moscow RUS"]
[Date "2016.01.31"]
[Round "2.51"]
[White "Gasanov, Eldar"]
[Black "Bykov, Oleg"]
[Result "1-0"]
[WhiteTitle "GM"]
[WhiteElo "2488"]
[BlackElo "2227"]
[WhiteFideId "14104466"]
[BlackFideId "24198978"]
[EventDate "2016.01.30"]

1. d4 d5 2. c4 c6 3. Nf3 e6 4. Qc2 Nf6 5. g3 Nbd7 6. Bg2 Bd6 7. O-O O-O 8. Nc3
Qe7 9. b3 dxc4 10. bxc4 e5 11. e3 Bc7 12. a4 Re8 13. Ba3 Bd6 14. c5 Bb8 15. a5
Nf8 16. a6 Ng6 17. Rab1 bxa6 18. Qa4 Bf5 19. Qxc6 Bxb1 20. Rxb1 Bc7 21. Rb7 Rac8
22. Bh3 exd4 23. exd4 Nh4 24. gxh4 Bxh2+ 25. Kxh2 Rxc6 26. Rxe7 Rxe7 27. d5 Nxd5
28. Nxd5 Re4 29. Bd7 Rxc5 30. Bxc5 a5 31. Ne7+ Kh8 32. Ng5 1-0

[Event "Moscow Open A 2016"]
[Site "Moscow RUS"]
[Date "2016.01.31"]
[Round "2.52"]
[White "Konaplev, Anton"]
[Black "Matinian, Nikita"]
[Result "0-1"]
[BlackTitle "IM"]
[WhiteElo "2272"]
[BlackElo "2476"]
[WhiteFideId "24165646"]
[BlackFideId "24129100"]
[EventDate "2016.01.30"]

1. d4 Nf6 2. c4 g6 3. Nc3 Bg7 4. e4 d6 5. Be2 O-O 6. Bg5 c5 7. d5 h6 8. Bf4 e6
9. dxe6 Bxe6 10. Bxd6 Re8 11. Nf3 Qb6 12. Bxb8 Raxb8 13. Qb3 Qa5 14. O-O b5 15.
Qc2 Bxc4 16. Bxc4 bxc4 17. Nd2 Qa6 18. Rab1 Nd7 19. Nd5 Qxa2 20. Nxc4 Ne5 21.
Nxe5 Bxe5 22. Qxc5 Bxb2 23. Ne7+ Kh7 24. Nc6 Bd4 25. Qc1 Rxb1 26. Qxb1 Bxf2+ 27.
Kh1 Qxb1 28. Rxb1 Rxe4 29. g3 Re6 30. Rb7 Rxc6 31. Rxf7+ Kg8 32. Rxf2 a5 33. Kg2
a4 34. Kf1 a3 35. Ra2 Ra6 36. Ke2 Kf7 37. Kd3 Kf6 38. h3 Ke5 39. Re2+ Kd5 40.
Ra2 Kc5 41. Kc3 Rf6 42. Rg2 Rf3+ 43. Kc2 Kc4 44. Rg1 Rf2+ 45. Kb1 g5 46. Ka1 Rh2
47. h4 gxh4 48. gxh4 Rxh4 49. Ka2 Rh3 50. Rd1 h5 51. Rd8 h4 52. Rd7 Rd3 0-1

[Event "Moscow Open A 2016"]
[Site "Moscow RUS"]
[Date "2016.01.31"]
[Round "2.53"]
[White "Klepikov, Nikita"]
[Black "Triapishko, Olexandr"]
[Result "1-0"]
[WhiteElo "2273"]
[BlackElo "2471"]
[WhiteFideId "24145220"]
[BlackFideId "14122286"]
[EventDate "2016.01.30"]

1. e4 c5 2. Nf3 e6 3. d4 cxd4 4. Nxd4 Nc6 5. Nc3 d6 6. Be3 Nf6 7. Bc4 Be7 8. Qe2
Qc7 9. O-O-O O-O 10. Rhg1 Na5 11. Bd3 Nd7 12. f4 a6 13. g4 b5 14. g5 b4 15. Nf5
exf5 16. Nd5 Qd8 17. exf5 Bb7 18. f6 Bxd5 19. Bxh7+ Kxh7 20. Qh5+ Kg8 21. fxg7
f5 22. Rxd5 Nc6 23. Qh6 Qe8 24. g6 1-0

[Event "Moscow Open A 2016"]
[Site "Moscow RUS"]
[Date "2016.01.31"]
[Round "2.54"]
[White "Egorov, Pavel"]
[Black "Zakhartsov, Vladimir"]
[Result "0-1"]
[BlackTitle "IM"]
[WhiteElo "2207"]
[BlackElo "2462"]
[WhiteFideId "24122637"]
[BlackFideId "4145097"]
[EventDate "2016.01.30"]

1. d4 Nf6 2. c4 e6 3. Nc3 Bb4 4. e3 O-O 5. Nf3 c5 6. Bd3 Nc6 7. O-O Bxc3 8. bxc3
d6 9. Nd2 e5 10. d5 Ne7 11. Re1 Ng6 12. Bxg6 hxg6 13. e4 g5 14. Nf1 Nh7 15. g4
Re8 16. f3 Nf8 17. a4 Ng6 18. Be3 Nf4 19. Bxf4 gxf4 20. Re2 g6 21. Rb2 Kg7 22.
Raa2 Rh8 23. a5 Rh3 24. Qe2 Rb8 25. a6 b6 26. Nd2 Qh4 27. Ra1 Bd7 28. Rf1 Rh8
29. Rf2 Bc8 30. Ra2 Rg3+ 31. Kh1 Kf8 32. Nf1 Rh3 33. Rg2 f5 34. gxf5 gxf5 35.
Nd2 Qh5 36. exf5 Bxf5 37. Ra1 e4 38. fxe4 f3 39. Nxf3 Bg4 40. Rxg4 Qxg4 41. Rf1
Ke8 42. Rf2 R8h5 43. e5 dxe5 44. Nxe5 Rxh2+ 0-1

[Event "Moscow Open A 2016"]
[Site "Moscow RUS"]
[Date "2016.01.31"]
[Round "2.55"]
[White "Seliverstov, Vladimir"]
[Black "Galaktionov, Artem"]
[Result "1/2-1/2"]
[WhiteTitle "FM"]
[WhiteElo "2449"]
[BlackElo "2285"]
[WhiteFideId "4192036"]
[BlackFideId "24175471"]
[EventDate "2016.01.30"]

1. d4 d5 2. c4 e6 3. Nf3 Nf6 4. g3 Bb4+ 5. Nbd2 O-O 6. Qc2 c5 7. dxc5 Bxc5 8.
Bg2 b6 9. cxd5 Nxd5 10. a3 Bb7 11. e4 Nf6 12. e5 Ng4 13. O-O Nd7 14. b4 Bxf2+
15. Rxf2 Nxf2 16. Kxf2 Nxe5 17. Qc3 Nd3+ 18. Ke3 Nxc1 19. Rxc1 Rc8 20. Qb2 Rxc1
21. Qxc1 Qd6 22. Ne4 Bxe4 23. Kxe4 Rd8 24. Qc3 h6 25. Ke3 e5 26. Qc4 Kf8 27. Qe4
Qe6 28. Bf1 Qd5 29. Qxd5 Rxd5 30. Bd3 f6 31. g4 Rd8 32. Nh4 Rc8 33. Kd2 Kf7 34.
Bg6+ Ke7 35. Bd3 Rc7 36. Nf5+ Ke6 37. Ne3 Kf7 38. Bc4+ Kf8 39. Bd3 Rd7 40. Ke2
Rd4 41. Bg6 e4 42. h4 Rd3 43. Nc2 Rh3 44. h5 Rh2+ 45. Kd1 Rh4 46. Ne3 Rh3 1/2-1/2

[Event "Moscow Open A 2016"]
[Site "Moscow RUS"]
[Date "2016.01.31"]
[Round "2.56"]
[White "Konovalov, Nikolay"]
[Black "Kovalev, Egor"]
[Result "1-0"]
[WhiteTitle "IM"]
[WhiteElo "2438"]
[BlackElo "2210"]
[WhiteFideId "4170962"]
[BlackFideId "24124117"]
[EventDate "2016.01.30"]

1. d4 Nf6 2. Nf3 g6 3. Bf4 Bg7 4. e3 O-O 5. Be2 d6 6. h3 c5 7. c3 b6 8. O-O Bb7
9. a4 a6 10. Na3 Nbd7 11. Bh2 Qc7 12. Nd2 Ne4 13. Nxe4 Bxe4 14. Rc1 Qb7 15. f3
Bc6 16. e4 Bh6 17. Rb1 cxd4 18. cxd4 Qc7 19. b4 Bb7 20. Qb3 Rac8 21. Nc4 Bg7 22.
Rfd1 b5 23. axb5 axb5 24. Ne3 Qb6 25. Qd3 Rc7 26. Kh1 e5 27. dxe5 Nxe5 28. Qxd6
Rc6 29. Qd2 Nc4 30. Bxc4 bxc4 31. Nd5 Qd8 32. b5 Rc8 33. Qb4 Bxd5 34. Rxd5 c3
35. Rxd8 Rfxd8 36. Rc1 c2 37. Qa4 Rd4 38. Rxc2 Rcd8 39. Qxd4 Bxd4 40. Rd2 1-0

[Event "Moscow Open A 2016"]
[Site "Moscow RUS"]
[Date "2016.01.31"]
[Round "2.57"]
[White "Faizrakhmanov, Ramil"]
[Black "Tarasov, Oleg"]
[Result "1-0"]
[WhiteTitle "FM"]
[WhiteElo "2426"]
[BlackElo "2219"]
[WhiteFideId "24103209"]
[BlackFideId "4162870"]
[EventDate "2016.01.30"]

1. d4 d5 2. c4 c6 3. Nc3 Nf6 4. e3 e6 5. Nf3 Nbd7 6. Qc2 Bd6 7. b3 O-O 8. Be2
Qe7 9. O-O b6 10. Bb2 Bb7 11. Rad1 Rfd8 12. Rfe1 Rac8 13. e4 dxe4 14. Nxe4 Nxe4
15. Qxe4 Nf8 16. Bd3 f6 17. Qg4 Qf7 18. c5 bxc5 19. Bc4 Kh8 20. h4 Qg6 21. Bxe6
Nxe6 22. Qxe6 Qe8 23. Qxe8+ Rxe8 24. Ba3 Rcd8 25. Bxc5 Bb8 26. h5 Kg8 27. h6 Ba6
28. Be7 Rd7 29. Bxf6 Rxe1+ 30. Rxe1 gxf6 31. Re8+ Kf7 32. Rxb8 Be2 33. Nh4 Rxd4
34. Rb7+ Ke6 35. g3 Rd7 36. Rxd7 Kxd7 37. f4 c5 38. Kf2 Bd3 39. Ke3 Bb1 40. a3
a5 41. Kd2 Be4 42. Kc3 Ke6 43. g4 Kf7 44. Kc4 Bc2 45. a4 Bd1 46. g5 fxg5 47.
fxg5 Bc2 48. Kxc5 Bxb3 49. Kb5 Ke6 50. g6 Bc2 51. g7 Kf7 52. Kxa5 Bb3 53. Kb4 1-0

[Event "Moscow Open A 2016"]
[Site "Moscow RUS"]
[Date "2016.01.31"]
[Round "2.58"]
[White "Ovchinnikov, Vsevolod"]
[Black "Tsydypov, Zhamsaran"]
[Result "1/2-1/2"]
[WhiteTitle "FM"]
[BlackTitle "FM"]
[WhiteElo "2248"]
[BlackElo "2420"]
[WhiteFideId "24176842"]
[BlackFideId "4108566"]
[EventDate "2016.01.30"]

1. d4 Nf6 2. c4 e6 3. Nf3 b6 4. g3 Ba6 5. Qc2 c5 6. d5 exd5 7. cxd5 g6 8. Nc3
Bg7 9. Bg2 O-O 10. O-O d6 11. a4 Re8 12. Re1 Bb7 13. e4 Na6 14. Bf4 h6 15. Rad1
Nb4 16. Qb3 g5 17. Bc1 Nd7 18. Nb5 Nf6 19. Nfd4 a6 20. Na3 Nxe4 21. Rxe4 Rxe4
22. Bxe4 Qe7 23. Re1 Bxd5 24. Bh7+ Kxh7 25. Rxe7 Bxb3 26. Nxb3 Nd3 27. Rxf7 Kg8
28. Rf3 c4 29. Nxc4 Nxc1 30. Nxc1 Rc8 31. b3 d5 32. Nxb6 Rxc1+ 33. Kg2 d4 34.
Nd5 g4 35. Nf6+ Kf7 36. Nxg4+ Ke6 37. h4 h5 38. Nh2 Rc3 39. Nf1 Bh6 40. b4 d3
41. b5 axb5 42. axb5 d2 43. Nxd2 Bxd2 44. Rxc3 Bxc3 45. b6 Kd6 46. g4 hxg4 47.
Kg3 Bd4 48. b7 Kc7 49. h5 Kxb7 50. h6 Kc7 51. h7 Kd7 52. Kxg4 Ke7 53. Kf5 Kf7
54. f4 1/2-1/2

[Event "Moscow Open A 2016"]
[Site "Moscow RUS"]
[Date "2016.01.31"]
[Round "2.59"]
[White "Kozionov, Kirill"]
[Black "Parvanyan, Ashot"]
[Result "0-1"]
[WhiteTitle "IM"]
[WhiteElo "2416"]
[BlackElo "2197"]
[WhiteFideId "24101729"]
[BlackFideId "13307550"]
[EventDate "2016.01.30"]

1. d4 Nf6 2. c4 g6 3. Nc3 Bg7 4. e4 d6 5. h3 O-O 6. Be3 c5 7. d5 e6 8. Nf3 exd5
9. exd5 b5 10. cxb5 Nbd7 11. a4 Qa5 12. Bd2 Bb7 13. Bc4 Rfe8+ 14. Kf1 a6 15.
bxa6 Bxa6 16. Nb5 Qd8 17. Nxd6 Ne4 18. Bxa6 Nxd6 19. Be2 Bxb2 20. Ra2 Bf6 21.
Qc2 Nb6 22. g3 Nxd5 23. Bc4 Nb4 24. Bxb4 cxb4 25. Bb3 Rc8 26. Qd1 Ne4 27. Kg2
Qxd1 28. Bxd1 Nc3 29. Rd2 Nxd1 30. Rhxd1 Ra8 31. Ra2 b3 32. Ra3 b2 33. Ne1 Rab8 0-1

[Event "Moscow Open A 2016"]
[Site "Moscow RUS"]
[Date "2016.01.31"]
[Round "2.61"]
[White "Pavlidis, Anastasios"]
[Black "Muradli, Mahammad"]
[Result "0-1"]
[WhiteTitle "IM"]
[BlackTitle "FM"]
[WhiteElo "2410"]
[BlackElo "2204"]
[WhiteFideId "4208404"]
[BlackFideId "13409301"]
[EventDate "2016.01.30"]

1. Nf3 Nf6 2. d4 g6 3. c4 Bg7 4. g3 c6 5. Bg2 d5 6. b3 c5 7. cxd5 Nxd5 8. Bb2
Qa5+ 9. Qd2 Qxd2+ 10. Nbxd2 Nc6 11. Rb1 cxd4 12. Nxd4 Nxd4 13. Bxd5 O-O 14. Be4
Rd8 15. e3 Ne6 16. Bxg7 Kxg7 17. Rc1 Rb8 18. Ke2 b6 19. Rhd1 Ba6+ 20. Nc4 Rxd1
21. Kxd1 Rd8+ 22. Ke1 Rc8 23. Kd2 Bxc4 24. Rxc4 Rxc4 25. bxc4 Nc5 26. Bc2 Kf6
27. Kc3 a5 28. Kd4 Ke6 29. e4 Kd6 30. e5+ Kc6 31. Kc3 f5 32. exf6 exf6 33. h4
Kd6 34. h5 f5 35. hxg6 hxg6 36. Kd4 Ne6+ 37. Ke3 Kc5 38. Ba4 Nd4 39. Be8 g5 40.
Bf7 a4 41. Be8 a3 42. Kd3 Nb3 43. Bg6 f4 44. gxf4 gxf4 45. Kc3 Na5 46. Bf7 Nc6
47. Be6 Ne5 48. Kb3 Nd3 49. Kxa3 Nxf2 50. Kb3 Ne4 51. a4 f3 52. Kc2 Kd4 53. Kd1
Ke3 54. Bh3 Nf2+ 55. Ke1 Nxh3 56. c5 f2+ 57. Kf1 Ng5 58. cxb6 Nf3 0-1

[Event "Moscow Open A 2016"]
[Site "Moscow RUS"]
[Date "2016.01.31"]
[Round "2.62"]
[White "Ahmadzada, Ahmad"]
[Black "Petrosian, Davit G."]
[Result "1/2-1/2"]
[WhiteTitle "CM"]
[BlackTitle "GM"]
[WhiteElo "2203"]
[BlackElo "2394"]
[WhiteFideId "13413007"]
[BlackFideId "13301349"]
[EventDate "2016.01.30"]

1. e4 e6 2. d4 d5 3. Nd2 Nf6 4. e5 Nfd7 5. Bd3 c5 6. c3 Nc6 7. Ne2 cxd4 8. cxd4
f6 9. exf6 Nxf6 10. Nf3 Bd6 11. O-O Qc7 12. Bd2 O-O 13. Rc1 a6 14. Ng3 Bd7 15.
Re1 Qb6 16. Bc3 Rae8 17. Ne5 Re7 18. Re2 Nb4 19. Nxd7 Nxd7 20. Bxb4 Bxb4 21. Re3
g6 22. Bf1 Nb8 23. Ne2 Nc6 24. g3 Ref7 25. f4 e5 26. Bg2 exf4 27. gxf4 Ne7 28.
Rb3 Qd6 29. a3 Ba5 30. Rxb7 Rf6 31. Qd3 Kh8 32. Qh3 Re6 33. Qh6 Rf7 34. Bh3 Ng8
35. Bxe6 Qxe6 36. Rb8 Qe3+ 37. Kf1 Qf3+ 38. Kg1 Qe3+ 39. Kf1 Qf3+ 40. Kg1 Qe3+ 1/2-1/2

[Event "Moscow Open A 2016"]
[Site "Moscow RUS"]
[Date "2016.01.31"]
[Round "2.63"]
[White "Demianjuk, Alexander"]
[Black "Karayev, Kanan"]
[Result "1/2-1/2"]
[BlackTitle "CM"]
[WhiteElo "2388"]
[BlackElo "2140"]
[WhiteFideId "4134249"]
[BlackFideId "13406671"]
[EventDate "2016.01.30"]

1. d4 g6 2. c4 Bg7 3. e4 d6 4. Nc3 Nc6 5. Be3 e5 6. d5 Nce7 7. c5 f5 8. cxd6
cxd6 9. Qa4+ Bd7 10. Qb4 Nf6 11. Qxd6 Nxe4 12. Nxe4 fxe4 13. Ne2 Bb5 14. Qb4 Bd3
15. Nc3 Nxd5 16. Nxd5 Qxd5 17. Rd1 a5 18. Qd2 O-O 19. Bxd3 exd3 20. Qxd3 Qxg2
21. Qd5+ Qxd5 22. Rxd5 Rfd8 23. Rb5 Rd7 24. O-O a4 25. Rc1 a3 26. b3 e4 27. Kg2
Rad8 28. Rc4 Bd4 29. Bxd4 Rxd4 30. Rxb7 Rxc4 31. bxc4 Rd2 32. Ra7 Rxa2 33. Kg3
Ra1 34. Kf4 a2 35. Ke5 Kf8 36. Ke6 Rc1 37. Rxa2 Rxc4 38. Kf6 Rc6+ 39. Ke5 Kg7
40. Kxe4 Kf6 41. f4 1/2-1/2